000 00563nam a2200205Ia 4500
005 20250326140743.0
008 250326s9999 xx 000 0 und d
037 _aTextbook
040 _aFMSL
_beng
_cFMSL
041 _aeng
_2eng
084 _aX.1 Q12
_qFMSL
100 _aStilwell F
_9742985
245 0 _aPlitical economy: contest of economic ideas
_cStilwell F
250 _a3
260 _aNew Delhi
_bNew Delhi, Oxford
_c2012
365 _b3225.8978999999999
650 _aManagement
942 _cTB
_hX.1 Q12
999 _c1287144
_d1287144